Countries by Official Name with a Map - Statistics

General Stats
  • This quiz has been taken 22 times
  • The average score is 52 of 196
Answers on the Map
Answers color-coded by a green-red scale on the quiz's map according to % correct below.
 
Answer Stats
Country % Correct
Canada
94%
United States of America
88%
Ireland
53%
United Kingdom of Great Britain and Northern Ireland
53%
French Republic
41%
Kingdom of Denmark
41%
Kingdom of Norway
41%
Kingdom of Sweden
41%
Russian Federation
41%
Dominican Republic
35%
Jamaica
35%
Kingdom of Lesotho
35%
Kingdom of Spain
35%
Kingdom of the Netherlands
35%
New Zealand
35%
People's Republic of China
35%
Republic of Benin
35%
Republic of Chad
35%
Republic of China
35%
Republic of Cuba
35%
Republic of Mali
35%
Republic of Niger
35%
Republic of Tunisia
35%
Argentine Republic
29%
Belize
29%
Bosnia and Herzegovina
29%
Commonwealth of Australia
29%
Commonwealth of the Bahamas
29%
Czech Republic
29%
Federated States of Micronesia
29%
Georgia
29%
Grand Duchy of Luxembourg
29%
Hashemite Kingdom of Jordan
29%
Hellenic Republic
29%
Hungary
29%
Italian Republic
29%
Japan
29%
Kingdom of Belgium
29%
Kingdom of Saudi Arabia
29%
Kingdom of Thailand
29%
Kyrgyz Republic
29%
Mongolia
29%
Portuguese Republic
29%
Principality of Andorra
29%
Principality of Liechtenstein
29%
Republic of Albania
29%
Republic of Armenia
29%
Republic of Austria
29%
Republic of Azerbaijan
29%
Republic of Belarus
29%
Republic of Bulgaria
29%
Republic of Cameroon
29%
Republic of Chile
29%
Republic of Costa Rica
29%
Republic of Croatia
29%
Republic of Cyprus
29%
Republic of Djibouti
29%
Republic of Ecuador
29%
Republic of El Salvador
29%
Republic of Estonia
29%
Republic of Fiji
29%
Republic of Finland
29%
Republic of Ghana
29%
Republic of Guatemala
29%
Republic of Guinea
29%
Republic of Haiti
29%
Republic of Honduras
29%
Republic of Iceland
29%
Republic of India
29%
Republic of Indonesia
29%
Republic of Iraq
29%
Republic of Kazakhstan
29%
Republic of Kenya
29%
Republic of Kiribati
29%
Republic of Korea
29%
Republic of Kosovo
29%
Republic of Latvia
29%
Republic of Liberia
29%
Republic of Lithuania
29%
Republic of Malta
29%
Republic of Moldova
29%
Republic of Nauru
29%
Republic of Nicaragua
29%
Republic of North Macedonia
29%
Republic of Palau
29%
Republic of Panama
29%
Republic of Paraguay
29%
Republic of Peru
29%
Republic of Poland
29%
Republic of Senegal
29%
Republic of Serbia
29%
Republic of Singapore
29%
Republic of Slovenia
29%
Republic of South Africa
29%
Republic of South Sudan
29%
Republic of Sudan
29%
Republic of Suriname
29%
Republic of Tajikistan
29%
Republic of the Congo
29%
Republic of the Marshall Islands
29%
Republic of the Philippines
29%
Republic of Turkey
29%
Republic of Uzbekistan
29%
Republic of Vanuatu
29%
Republic of Yemen
29%
Romania
29%
Slovak Republic
29%
Sultanate of Oman
29%
Swiss Confederation
29%
Turkmenistan
29%
Ukraine
29%
United Arab Emirates
29%
United Mexican States
29%
Arab Republic of Egypt
24%
Burkina Faso
24%
Commonwealth of Dominica
24%
Democratic People's Republic of Korea
24%
Democratic Republic of the Congo
24%
Central African Republic
24%
Federal Republic of Germany
24%
Gabonese Republic
24%
Grenada
24%
Islamic Republic of Iran
24%
Islamic Republic of Pakistan
24%
Kingdom of Bahrain
24%
Kingdom of eSwatini
24%
Kingdom of Morocco
24%
Lebanese Republic
24%
Malaysia
24%
Montenegro
24%
Oriental Republic of Uruguay
24%
Republic of Angola
24%
Republic of Botswana
24%
Republic of Burundi
24%
Republic of Cabo Verde
24%
Republic of Colombia
24%
Republic of Côte d'Ivoire
24%
Republic of Equatorial Guinea
24%
Republic of Guinea-Bissau
24%
Republic of Madagascar
24%
Republic of Malawi
24%
Republic of Maldives
24%
Republic of Mauritius
24%
Republic of Mozambique
24%
Republic of Namibia
24%
Republic of Rwanda
24%
Republic of San Marino
24%
Republic of Seychelles
24%
Republic of Sierra Leone
24%
Republic of the Gambia
24%
Republic of Uganda
24%
Republic of Zambia
24%
Republic of Zimbabwe
24%
Saint Lucia
24%
Saint Vincent and the Grenadines
24%
Solomon Islands
24%
State of Israel
24%
State of Kuwait
24%
State of Qatar
24%
Syrian Arab Republic
24%
Togolese Republic
24%
Tuvalu
24%
Antigua and Barbuda
18%
Barbados
18%
Co-operative Republic of Guyana
18%
Islamic Republic of Afghanistan
18%
Kingdom of Bhutan
18%
Kingdom of Cambodia
18%
People's Republic of Bangladesh
18%
Plurinational State of Bolivia
18%
Principality of Monaco
18%
Republic of Trinidad and Tobago
18%
Socialist Republic of Vietnam
18%
Vatican City State
18%
Bolivarian Republic of Venezuela
12%
Democratic Republic of Timor-Leste
12%
Democratic Socialist Republic of Sri Lanka
12%
Federal Republic of Nigeria
12%
Federative Republic of Brazil
12%
Kingdom of Tonga
12%
Lao People's Democratic Republic
12%
Nation of Brunei, Abode of Peace
12%
People's Democratic Republic of Algeria
12%
United Republic of Tanzania
12%
Democratic Republic of São Tomé and Príncipe
6%
Federal Democratic Republic of Ethiopia
6%
Federal Democratic Republic of Nepal
6%
Federal Republic of Somalia
6%
Federation of Saint Christopher and Nevis
6%
Independent State of Papua New Guinea
6%
Independent State of Samoa
6%
Islamic Republic of Mauritania
6%
State of Eritrea
6%
State of Libya
6%
Union of the Comoros
6%
Republic of the Union of Myanmar
0%
No matching quizzes found
Score Distribution
Percent of People with Each Score
Percentile by Number Answered
Your Score History
You have not taken this quiz